Loading...
Renaissance in Bengal: search for identity
| Hovedforfatter: | |
|---|---|
| Format: | Printed Book |
| Udgivet: |
Simla, Indian Institute of Advanced Study
1977
|
| Fag: |
| LEADER | 004770000a22001570004500 | ||
|---|---|---|---|
| 082 | |a 954.14 L7 | ||
| 100 | |a Arabinda Poddar | ||
| 245 | |a Renaissance in Bengal: search for identity | ||
| 260 | |a Simla, Indian Institute of Advanced Study | ||
| 260 | |c 1977 | ||
| 465 | |a R 38 | ||
| 650 | |a India | ||
| 650 | |a West Bengal | ||
| 942 | |c BK | ||
| 999 | |c 942 |d 942 | ||
| 952 | |0 0 |1 0 |4 0 |6 954_140000000000000_L7 |7 0 |8 ENG |9 733 |a MGUL |b MGUL |d 2013-07-16 |e R 38 |l 0 |o 954.14 L7 |p 01903 |r 2013-07-16 |w 2013-07-16 |y BK | ||